<?xml version="1.0" encoding="UTF-8"?>
<record
    xmlns:xsi="http://www.w3.org/2001/XMLSchema-instance"
    xsi:schemaLocation="http://www.loc.gov/MARC21/slim http://www.loc.gov/standards/marcxml/schema/MARC21slim.xsd"
    xmlns="http://www.loc.gov/MARC21/slim">

  <leader>01386namaa22003131i 4500</leader>
  <controlfield tag="005">20260210132347.0</controlfield>
  <controlfield tag="008">260104s1996    ua a|||frm||| 000 0 eng d</controlfield>
  <datafield tag="040" ind1=" " ind2=" ">
    <subfield code="a">EG-GICUC</subfield>
    <subfield code="b">eng</subfield>
    <subfield code="c">EG-GICUC</subfield>
    <subfield code="d">EG-GICUC</subfield>
    <subfield code="e">rda</subfield>
  </datafield>
  <datafield tag="041" ind1="0" ind2=" ">
    <subfield code="a">eng</subfield>
    <subfield code="b">eng</subfield>
    <subfield code="b">ara</subfield>
  </datafield>
  <datafield tag="049" ind1=" " ind2=" ">
    <subfield code="a">Deposit</subfield>
  </datafield>
  <datafield tag="097" ind1=" " ind2=" ">
    <subfield code="a">Ph.D</subfield>
  </datafield>
  <datafield tag="099" ind1=" " ind2=" ">
    <subfield code="a">Cai01.13.10.Ph.D.1996.Al.E.</subfield>
  </datafield>
  <datafield tag="100" ind1="0" ind2=" ">
    <subfield code="a">Alaa Korany Abdelmageed, </subfield>
    <subfield code="e">preparation.</subfield>
  </datafield>
  <datafield tag="245" ind1="1" ind2="0">
    <subfield code="a">Electromagentic Scattering By Conducting Bodies Of Revolution In Layered Media / </subfield>
    <subfield code="c">By Alaa Korany Abdelmageed; Under The Supervision Of Prof. Dr. Adel Mohsen, Dr. Essam ELKaramany.</subfield>
  </datafield>
  <datafield tag="246" ind1="1" ind2="5">
    <subfield code="a">&#x627;&#x644;&#x62A;&#x634;&#x62A;&#x62A; &#x627;&#x644;&#x643;&#x647;&#x631;&#x648;&#x645;&#x63A;&#x646;&#x627;&#x637;&#x64A;&#x633;&#x64A; &#x628;&#x648;&#x627;&#x633;&#x637;&#x629; &#x627;&#x644;&#x623;&#x62C;&#x633;&#x627;&#x645; &#x627;&#x644;&#x62F;&#x648;&#x631;&#x627;&#x646;&#x64A;&#x629; &#x627;&#x644;&#x645;&#x639;&#x62F;&#x646;&#x64A;&#x629; &#x641;&#x64A; &#x627;&#x644;&#x623;&#x648;&#x633;&#x627;&#x637; &#x645;&#x62A;&#x639;&#x62F;&#x62F;&#x629; &#x627;&#x644;&#x637;&#x628;&#x642;&#x627;&#x62A; </subfield>
  </datafield>
  <datafield tag="264" ind1=" " ind2="0">
    <subfield code="c">1996.</subfield>
  </datafield>
  <datafield tag="300" ind1=" " ind2=" ">
    <subfield code="a">257 pages : </subfield>
    <subfield code="b">illustrations ; </subfield>
    <subfield code="c">25 cm. + </subfield>
  </datafield>
  <datafield tag="336" ind1=" " ind2=" ">
    <subfield code="2">rda content</subfield>
    <subfield code="a">text</subfield>
  </datafield>
  <datafield tag="337" ind1=" " ind2=" ">
    <subfield code="2">rdamedia</subfield>
    <subfield code="a">Unmediated</subfield>
  </datafield>
  <datafield tag="338" ind1=" " ind2=" ">
    <subfield code="2">rdacarrier</subfield>
    <subfield code="a">volume</subfield>
  </datafield>
  <datafield tag="502" ind1=" " ind2=" ">
    <subfield code="a">Thesis (Ph.D)-Cairo University, 1996.</subfield>
  </datafield>
  <datafield tag="504" ind1=" " ind2=" ">
    <subfield code="a">Bibliography: pages 219-234.</subfield>
  </datafield>
  <datafield tag="653" ind1=" " ind2="0">
    <subfield code="a">Engineering Matematics And Physics </subfield>
  </datafield>
  <datafield tag="700" ind1="0" ind2=" ">
    <subfield code="a">Adel Mohsen</subfield>
    <subfield code="e">thesis advisor.</subfield>
  </datafield>
  <datafield tag="700" ind1="0" ind2=" ">
    <subfield code="a">Essam ELKaramany</subfield>
    <subfield code="e">thesis advisor.</subfield>
  </datafield>
  <datafield tag="900" ind1=" " ind2=" ">
    <subfield code="D">Department of Engineering Matematics And Physics </subfield>
    <subfield code="F">Faculty of Engineering</subfield>
    <subfield code="U">Cairo University</subfield>
    <subfield code="b">1996</subfield>
    <subfield code="c">Adel Mohsen</subfield>
    <subfield code="c">Essam ELKaramany</subfield>
  </datafield>
  <datafield tag="905" ind1=" " ind2=" ">
    <subfield code="a">Eman El gebaly </subfield>
    <subfield code="e">Nourhan</subfield>
  </datafield>
  <datafield tag="942" ind1=" " ind2=" ">
    <subfield code="2">ddc</subfield>
    <subfield code="c">TH</subfield>
    <subfield code="e">21</subfield>
    <subfield code="n">0</subfield>
  </datafield>
  <datafield tag="999" ind1=" " ind2=" ">
    <subfield code="c">177349</subfield>
  </datafield>
  <datafield tag="952" ind1=" " ind2=" ">
    <subfield code="2">ddc</subfield>
    <subfield code="9">313213</subfield>
    <subfield code="a">CUCL</subfield>
    <subfield code="b">100</subfield>
    <subfield code="d">2026-01-04</subfield>
    <subfield code="i">27556</subfield>
    <subfield code="o">Cai01.13.10.Ph.D.1996.Al.E.</subfield>
    <subfield code="p">01010110027556000</subfield>
    <subfield code="r">2026-01-04 10:40:00</subfield>
    <subfield code="w">2026-01-04</subfield>
    <subfield code="y">TH</subfield>
  </datafield>
</record>
